Normal view
MARC view
Entry Meeting Name
001 - CONTROL NUMBER
- control field: 32716
003 - CONTROL NUMBER IDENTIFIER
- control field: ARRUPE
005 - DATE AND TIME OF LATEST TRANSACTION
- control field: 20170703103911.0
008 - FIXED-LENGTH DATA ELEMENTS
- fixed length control field: 170703|| aca||aabn | a|a d
040 ## - CATALOGING SOURCE
- Original cataloging agency: ARRUPE
- Transcribing agency: ARRUPE
111 ## - HEADING--MEETING NAME
- Meeting name or jurisdiction name as entry element: International Congress of Learned Societies in the Field of Religion,
- Location of meeting: Los Angeles,
- Date of meeting: 1972.
670 ## - SOURCE DATA FOUND
- Source citation: Work cat.: (ARRUPE)32096: International Congress of Learned Societies in the Field of Religion, Los Angeles, 1972., Religion and the humanizing of man;, 1973.